=LDR 00000nam 2200000 4500 =001 INLIS000000000011070 =005 20201215071100 =035 ##$$a 0010-061300000011070 =008 201215################g##########0#ind## =041 ##$$a Ind =082 ##$$a 330.015 195 =090 ##$$a 330.015 195, Ana l =100 1#$$a Ananta, Aris =245 1#$$a Landasan ekonometrika /$c Aris Ananta =260 ##$$a Jakarta :$b Gramedia,$c 1987 =300 ##$$a xi, 158 hlm. ; $c 21x14 cm =850 ##$$a NBPNMAT =084 ##$$a 330.015 195 ANA l =250 ##$$a cet.1 =650 #4$$a Ekonomi =990 ##$$a 60.398/Pro-93 =990 ##$$a 00034609 =990 ##$$a 00089075 =990 ##$$a 60.398/Pro-93 =990 ##$$a 37273727 =990 ##$$a 00087458 =990 ##$$a 60.398/Pro-93 =990 ##$$a 00034609 =990 ##$$a 00089075 =990 ##$$a 60.398/Pro-93